| 000 | 00775nam a22002297a 4500 | ||
|---|---|---|---|
| 005 | 20230610011554.0 | ||
| 008 | 230117b |||||||| |||| 00| 0 eng d | ||
| 020 | _a978-1-138-23476-5 | ||
| 082 | _a394.2 Ev93 2017 | ||
| 100 |
_aMallen, Cheryl _eeditor |
||
| 245 |
_aEvent management in sport, recreation and tourism: _btheoretical and practical dimension / _cedited by Cheryl Mallen and Lorne J. Adams |
||
| 250 | _a3rd ed. | ||
| 260 |
_aOxon,OX: _bRoutledge, _cc2017. |
||
| 300 |
_axix, 271p.; _bill. |
||
| 504 | _aIncludes index and references | ||
| 541 | _e6946 | ||
| 650 | _aSpecial events - Managements | ||
| 650 | _aSports administration | ||
| 650 | _aRecreation - Management | ||
| 650 | _aTourist trade - Management | ||
| 700 |
_aAdams, Lorne J. _eeditor |
||
| 999 |
_c547 _d547 |
||